Movies Quiz

Random Movies or Director Quiz

In Glorious Black and White Quiz Stats

 Plays Quiz not verified by Sporcle

Score 0/23 Timer 07:00
0 Plays Today
Director/Year Film % Correct
Steven Spielberg, 1993Schindler's List
87.5%
Mel Brooks, 1974Young Frankenstein
81.5%
Martin Scorsese, 1980Raging Bull
74.2%
Kevin Smith, 1994Clerks
72%
Frank Miller and Robert Rodriguez, 2005Sin City
69.7%
Michel Hazanavicius, 2011The Artist
64.7%
Tim Burton, 1994Ed Wood
64.2%
Christopher Nolan, 2000Memento
62.7%
George Clooney, 2005Good Night and Good Luck
60.1%
Woody Allen, 1979Manhattan
59.8%
Peter Bogdanovich, 1971The Last Picture Show
52.4%
David Lynch, 1980The Elephant Man
49.4%
Director/Year Film % Correct
Joel and Ethan Coen, 2001The Man Who Wasn't There
44.6%
Wim Wenders, 1987Wings of Desire
28%
Francis Ford Coppola, 1983Rumble Fish
27.7%
Bob Fosse, 1974Lenny
23.2%
Tony Kaye, 1998American History X
22.9%
Prince, 1986Under the Cherry Moon
22.9%
Spike Lee, 1986She's Gotta Have It
22.1%
Jim Jarmusch, 2003Coffee and Cigarettes
22.1%
Steven Soderbergh, 2006The Good German
21%
Carl Reiner, 1982Dead Men Don't Wear Plaid
19.2%
Gary Ross, 1998Pleasantville
18.1%

You're not logged in!

Compare scores with friends on all Sporcle quizzes.
OR
Log In

Show Comments

Extras

Top Quizzes Today


Score Distribution

Your Account Isn't Verified!

In order to create a playlist on Sporcle, you need to verify the email address you used during registration. Go to your Sporcle Settings to finish the process.

Report this User

Report this user for behavior that violates our Community Guidelines.

Details: